000 00593nam a2200193 i 4500
001 90512
003 ES-MaACL
005 20240225063053.0
007 t|
008 050121s1975 sp ||||1| spa d
100 1 _aLenin, Vladimir Il'ich,
_d1870-1924
_971523
245 1 0 _aFuentes y partes integrantes del marxismo /
_cVladimir Illicht Lenin.
260 _aBarcelona, etc. :
_bGrijalbo,
_c1975.
300 _a153 p. ;
_c18 cm.
490 1 _aColeccion 70 ;
_v83
830 0 _aColeccion 70 ;
_v83
_9182684
852 _aES-MaACL
_jE-10074
_bR.94365
999 _c90512
_d90512